00150 a2200073 450000100060000010000160000624500360002226000180005825822 aSidhwa, J B aTextbook of Inorganic Chemistry abIqbal Pubc